Բախտի ճանապարհ / (Record no. 5561)
[ view plain ]
| 000 -LEADER | |
|---|---|
| fixed length control field | 00883nam a2200229 a 4500 |
| 001 - CONTROL NUMBER | |
| control field | 000017838 |
| 003 - CONTROL NUMBER IDENTIFIER | |
| control field | AM-YEHGA |
| 005 - DATE AND TIME OF LATEST TRANSACTION | |
| control field | 20250618070752.0 |
| 008 - FIXED-LENGTH DATA ELEMENTS--GENERAL INFORMATION | |
| fixed length control field | 980325s1961 ai |||||||||||||||||arm d |
| 040 ## - CATALOGING SOURCE | |
| Original cataloging agency | AM-YeHGA |
| 041 1# - LANGUAGE CODE | |
| Language code of text/sound track or separate title | arm |
| Language code of original | rus |
| 090 ## - LOCALLY ASSIGNED LC-TYPE CALL NUMBER (OCLC); LOCAL CALL NUMBER (RLIN) | |
| -- | 5602 |
| 100 ## - MAIN ENTRY--PERSONAL NAME | |
| Personal name | Շամիլով, Ա |
| 245 10 - TITLE STATEMENT | |
| Title | Բախտի ճանապարհ / |
| Statement of responsibility, etc. | Ա. Շամիլով; Թարգմ.՝ Վ. Գրիգորյան; Խմբ.՝ Ս. Ումառյան. |
| 260 ## - PUBLICATION, DISTRIBUTION, ETC. | |
| Place of publication, distribution, etc. | Երևան : |
| Name of publisher, distributor, etc. | Հայպետհրատ, |
| Date of publication, distribution, etc. | 1961. |
| 300 ## - PHYSICAL DESCRIPTION | |
| Extent | Գ. ; |
| Dimensions | 21 սմ. |
| 505 00 - FORMATTED CONTENTS NOTE | |
| Miscellaneous information | Գ. 1. (1961, 359 էջ, 1 թ. դիմանկ.) |
| -- | Գ. 2. (1964, 334 էջ) |
| 650 14 - SUBJECT ADDED ENTRY--TOPICAL TERM | |
| Topical term or geographic name entry element | Քրդական գրականություն |
| General subdivision | Վեպ |
| 700 1# - ADDED ENTRY--PERSONAL NAME | |
| Personal name | Գրիգորյան, Վահան Արմենակի, |
| Dates associated with a name | 1905-1989 |
| Relator term | թարգմ. |
| Relationship | trl |
| 9 (RLIN) | 1650 |
| 700 1# - ADDED ENTRY--PERSONAL NAME | |
| Personal name | Ումառյան, Սերգեյ Հովհաննեսի, |
| Dates associated with a name | 1920-1995 |
| Relator term | խմբ. |
| Relationship | edt |
| 9 (RLIN) | 2472 |
| 942 ## - ADDED ENTRY ELEMENTS (KOHA) | |
| Koha item type | Գրքեր / Books |
| Withdrawn status | Lost status | Source of classification or shelving scheme | Damaged status | Not for loan | Collection | Home library | Current library | Date acquired | Serial enumeration / chronology | Total checkouts | Full call number | Barcode | Date last seen | Cost, replacement price | Price effective from | Koha item type | Public note |
|---|---|---|---|---|---|---|---|---|---|---|---|---|---|---|---|---|---|
| Universal Decimal Classification | General | Fundamental Scientific Library | Fundamental Scientific Library | 21/12/2016 | Գ. 1 | AII/13582 | FL0012791 | 21/12/2016 | 66.00 | 21/12/2016 | Գրքեր / Books | 30 Days Loan | |||||
| Universal Decimal Classification | General | Fundamental Scientific Library | Fundamental Scientific Library | 21/12/2016 | Գ. 1 | AII/13583 | FL0012792 | 21/12/2016 | 66.00 | 21/12/2016 | Գրքեր / Books | 30 Days Loan | |||||
| Universal Decimal Classification | General | Fundamental Scientific Library | Fundamental Scientific Library | 21/12/2016 | Գ. 1 | AII/13584 | FL0012793 | 21/12/2016 | 66.00 | 21/12/2016 | Գրքեր / Books | 30 Days Loan | |||||
| Universal Decimal Classification | General | Fundamental Scientific Library | Fundamental Scientific Library | 21/12/2016 | Գ. 2 | AII/35272 | 220035272 | 21/12/2016 | 21/12/2016 | Գրքեր / Books | 30 Days Loan | ||||||
| Universal Decimal Classification | General | Fundamental Scientific Library | Fundamental Scientific Library | 21/12/2016 | Գ. 2 | AII/35273 | 220035273 | 21/12/2016 | 21/12/2016 | Գրքեր / Books | 30 Days Loan | ||||||
| Universal Decimal Classification | General | Fundamental Scientific Library | Fundamental Scientific Library | 21/12/2016 | Գ. 2 | AII/35275 | 220035275 | 21/12/2016 | 21/12/2016 | Գրքեր / Books | 30 Days Loan |
ՀՀ Գիտությունների ազգային ակադեմիայի հիմնարար գիտական գրադարան = Fundamental Scientific Library of NAS RA
All site content, except where otherwise noted, is licensed under a